| 000 | 00617nam a2200217 u 4500 | ||
|---|---|---|---|
| 005 | 20220622063449.0 | ||
| 008 | 120215s2004 es r 000 0 spa d | ||
| 020 | _a8495722704 | ||
| 035 | _aUPN01000183433 | ||
| 049 | _aCG | ||
| 050 | 4 |
_aPR6063 A2.4 _bA5.4 |
|
| 100 | 1 |
_aMckay, Hilary _931955 |
|
| 245 | 1 | 3 |
_aEl ángel de Zafri / _cHilary Mckay ; tr. Josep Marco Borillo. |
| 260 |
_aAlzira, Esp. : _bAlgar, _c2004. |
||
| 300 | _a225 p. | ||
| 440 | 0 |
_aCalcetín azul ; _v3 |
|
| 534 |
_pTítulo original: _tSaffy's angel |
||
| 650 | 0 |
_aLiteratura juvenil inglesa _912778 |
|
| 905 | _aLibro | ||
| 999 |
_c155536 _d155536 |
||